000 00957nam a2200253Ia 4500
003 GCL
008 140319s9999 xx 000 0 ara d
020 _a1541232977
040 _aGCL /
_cGCL
082 0 4 _a371.2
_bا م
100 1 _aالسيد عبد العزيز البهواشى
245 1 0 _aالمدرسة الفاعلة :
_bمفهومها - ادارتها - اليات تحسينها /
_cالسيد عبد العزيز البهواشى
250 _aالاولى
260 _aالقاهرة :
_bعالم الكتب ،
_c2006
300 _a225 ص ؛
_c24 سم
650 0 4 _aالنشاط المدرسى
650 0 4 _aالوسائل التعليمية
650 0 4 _aالمدارس - تنظيم وادارة
650 0 4 _aالتعليم - الطرق التحليلية
650 0 4 _aالمدارس - تطوير
650 0 4 _aالمدرسون - التنمية المهنية
650 0 4 _aالمدارس - الاشراف
942 _2ddc
_cBK
999 _c9714
_d9714